Pravda o troch Svätoplukových prútoch

Rozhovor s generálnym riaditeľom spoločnosti KON-RAD a prezidentom Zväzu obchodu SR Ing. Pavlom Konštiakom o vývoji maloobchodu na Slovensku. Globalizácia prináša zásadné zmeny - zníženie cien, negatívne dopady pre slovenských obchodníkov, sústreďovanie moci, peňazí a rozhodovania do úzkej skupiny ľ...

Celý popis

Uložené v:
Podrobná bibliografia
Hlavný autor: Konštiak, Pavol
Médium: Kapitola
Jazyk:Slovak
Predmet:
Tagy: Pridať tag
Žiadne tagy, Buďte prvý, kto otaguje tento záznam!

MARC

LEADER 00000naa a2200000 4500
001 r040505
005 20240502071335.8
041 0 |a slo 
044 |a SK 
245 1 0 |a Pravda o troch Svätoplukových prútoch  |c Úč.interv. Pavol Konštiak 
520 |a Rozhovor s generálnym riaditeľom spoločnosti KON-RAD a prezidentom Zväzu obchodu SR Ing. Pavlom Konštiakom o vývoji maloobchodu na Slovensku. Globalizácia prináša zásadné zmeny - zníženie cien, negatívne dopady pre slovenských obchodníkov, sústreďovanie moci, peňazí a rozhodovania do úzkej skupiny ľudí. 
610 2 0 |a maloobchod 
610 2 0 |a Slovensko 
610 2 0 |a globalizácia 
610 2 0 |a ceny 
610 2 0 |a obchodníci 
100 1 |a Konštiak, Pavol